Myanmar yellow pages 2013.
| Format: | Book |
|---|---|
| Published: |
Yangon:
IMEX,
2013.
|
| Edition: | 18th ed.. |
| Subjects: |
| LEADER | 00535cam a2200169 7i4500 | ||
|---|---|---|---|
| 001 | 0000030835 | ||
| 005 | 20140714090000.0 | ||
| 090 | 0 | 0 | |a MYAN 910.2559 |b MYA |
| 245 | 0 | 0 | |a Myanmar yellow pages 2013. |
| 250 | 0 | 0 | |a 18th ed.. |
| 260 | 0 | 0 | |a Yangon: |b IMEX, |c 2013. |
| 300 | # | # | |a [v.p.]. |
| 650 | 0 | 0 | |a Business -- |x Directories -- |z Myanmar |
| 650 | 0 | 0 | |a Myanmar -- |x Telephone directories -- |x Yellow pages |
| 650 | 0 | 0 | |a Myanmar -- |x Telephone -- |x Directories |
| 651 | 0 | 0 | |a Myanmar |
| 999 | |a B000034192 |b Directories |c Countries |e Business Information Centre | ||